Statistiche per In quale anno? - Quiz n°5

Clicka qui per fare il quiz!

Statistiche generali

  • Questo quiz è stato fatto 4 volte
  • Il punteggio medio è 4 su 8

Statistiche sulle risposte

DomandaRisposta% Corretto
Vancouver, Canada: si incontrano per la prima volta il presidente degli Stati Uniti Bill Clinton e quello russo Boris Eltsin: quest'ultimo ottiene un contributo in denaro per lo sviluppo economico della Russia.1993
100%
Francesco I di Lorena viene eletto imperatore, con l'aiuto di sua moglie Maria Teresa d'Austria; succede a Carlo VII, morto il 20 gennaio di quest'anno.1745
75%
Fine della Dinastia dei Severi.235
75%
Due fortissime esplosioni devastano il porto della capitale libanese Beirut, provocando il crollo di alcuni edifici e causando oltre 200 decessi e 7 000 feriti; inoltre, il Ministero della Salute esorta gli abitanti a lasciare la città a causa dell'aria altamente tossica.2020
50%
A Costantinopoli scoppia una rivolta popolare allo scopo di rovesciare l'imperatore Giustiniano I. Il 18 gennaio la rivolta viene soppressa nel sangue: muoiono fra le 30 e le 40.000 persone.532
50%
A Napoli viene inaugurato il Real Teatro di San Carlo, il più antico teatro lirico d'Europa attualmente ancora in attività.1737
25%
Friedrich Wöhler sintetizza per la prima volta un composto organico, l'urea, a partire da composti minerali.1828
25%
Le provincie settentrionali dei Paesi Bassi si riuniscono preparandosi a dichiarare la loro indipendenza dal sovrano spagnolo Filippo II.1579
0%

Distribuzione punteggi

Percentile per numero di risposta

Percentuale di utenti per punteggio

I tuoi punteggi nel tempo

Non hai fatto questo quiz